书目信息 |
| 题名: |
一年级加减一步计算问题解决教学研究
|
|
| 作者: | 孙惠惠 著 | |
| 分册: | ||
| 出版信息: | 南昌 江西教育出版社 2020.06 |
|
| 页数: | 146页 | |
| 开本: | 24cm | |
| 丛书名: | 一课研究丛书 | |
| 单 册: | ||
| 中图分类: | G623.502 | |
| 科图分类: | ||
| 主题词: | 小学数学课--教学研究 | |
| 电子资源: | ||
| ISBN: | 978-7-5705-1432-8 | |
| 000 | 01051oam2 2200277 450 | |
| 001 | 0103152707 | |
| 005 | 20201103152733.0 | |
| 010 | @a978-7-5705-1432-8@dCNY35.00 | |
| 100 | @a20200818d2020 em y0chiy50 ea | |
| 101 | 0 | @achi |
| 102 | @aCN@b360000 | |
| 105 | @aa z 000yy | |
| 106 | @ar | |
| 200 | 1 | @a一年级加减一步计算问题解决教学研究@Ayi nian ji jia jian yi bu ji suan wen ti jie jue jiao xue yan jiu@f孙惠惠著 |
| 210 | @a南昌@c江西教育出版社@d2020.06 | |
| 215 | @a146页@c图@d24cm | |
| 225 | 2 | @a一课研究丛书@f朱乐平主编@i数与代数系列 |
| 330 | @a《一年级加减一步计算问题解决教学研究》是以一年级加减一步计算问题解决为主要研究内容,针对一线教师的实际教学需要,从上位数学知识、课程标准(教学大纲)、教材、学生、教学设计、能力培养研究等六个维度进行系统的研究。 | |
| 333 | @a教育工作者及研究者 | |
| 461 | 0 | @12001 @a一课研究丛书 |
| 462 | 0 | @12001 @a数与代数系列 |
| 606 | 0 | @a小学数学课@x教学研究 |
| 690 | @aG623.502@v5 | |
| 701 | 0 | @a孙惠惠@Asun hui hui@4著 |
| 801 | 0 | @aCN@bBJSZM@c20201103 |
| 905 | @b1258596-600@dG623.502@e1102@f5 | |
| 一年级加减一步计算问题解决教学研究/孙惠惠著.-南昌:江西教育出版社,2020.06 |
| 146页:图;24cm.-(一课研究丛书/朱乐平主编.数与代数系列) |
| 使用对象:教育工作者及研究者 |
| ISBN 978-7-5705-1432-8:CNY35.00 |
| 《一年级加减一步计算问题解决教学研究》是以一年级加减一步计算问题解决为主要研究内容,针对一线教师的实际教学需要,从上位数学知识、课程标准(教学大纲)、教材、学生、教学设计、能力培养研究等六个维度进行系统的研究。 |
| ● |
| 相关链接 |
|
|
|
|
正题名:一年级加减一步计算问题解决教学研究
索取号:G623.502/1102
 
预约/预借
| 序号 | 登录号 | 条形码 | 馆藏地/架位号 | 状态 | 备注 |
| 1 | 1258596 | 212585969 | 第一样本阅览室/ [索取号:G623.502/1102] | 在馆 | |
| 2 | 1258597 | 212585978 | 教育系资料室/ [索取号:G623.502/1102] | 在馆 | |
| 3 | 1258598 | 212585987 | 教育系资料室/ [索取号:G623.502/1102] | 在馆 | |
| 4 | 1258599 | 212585996 | 第四借阅区/ [索取号:G623.502/1102] | 在馆 | |
| 5 | 1258600 | 212586003 | 第四借阅区/ [索取号:G623.502/1102] | 在馆 |